000 00327 a2200157 4500
001 175662
020 _a
040 _cMagnum
100 _aGomes, Helio
240 1 0 _aQualidade total na escola
_lpor
245 1 0 _aQualidade total na escola
362 0 _a1899
440 1 _aLĂȘ
697 _aMAGNITO: ENSINO
942 _cBK
999 _c175662
_d175662